000
00244nam a2200097Ia 4500
001
799195
005
20250826170842.0
008
250824s9999 xx 000 0 und d
245
0
_a
BU NASIL SÜPER KAHRAMAN
_c
MELİH TUĞTAĞ
260
_b
GENÇ HAYAT
999
_c
799195
_d
799195